J.R.R. Tolkien Books - Statistics

General Stats
  • This quiz has been taken 17 times
  • The average score is 15 of 43
Answer Stats
Year Published Title % Correct
2007 The History of The Hobbit
100%
1937 The Hobbit
100%
1955 The Lord of the Rings: The Return of the King
100%
1954 The Lord of the Rings: The Two Towers
100%
1954 The Lord of the Rings: The Fellowship of the Ring
93%
1977 The Silmarillion
86%
2007 The Children of Húrin
57%
1980 Unfinished Tales of Númenor and Middle Earth
50%
1998 Roverandom
43%
2018 The Fall of Gondolin
43%
2014 Beowulf
36%
2017 Beren and Lúthien
36%
1967 Sir Gawain and the Green Knight
36%
1962 The Adventures of Tom Bombadil
36%
2022 The Fall of Númenor
36%
1975 The Father Christmas Letters
36%
1964 Tree and Leaf
36%
1949 Farmer Giles of Ham
29%
1983 The History of Middle Earth: The Book of Lost Tales Part I
29%
1984 The History of Middle Earth: The Book of Lost Tales Part II
29%
1985 The History of Middle Earth: The Lays of Beleriand
29%
1988 The History of Middle Earth: The Return of the Shadow
29%
1989 The History of Middle Earth: The Treason of Isengard
29%
1990 The History of Middle Earth: The War of the Ring
29%
1993 The History of Middle Earth: Morgoth's Ring
21%
1991 The History of Middle Earth: Sauron Defeated
21%
1987 The History of Middle Earth: The Lost Road & Other Writings
21%
1996 The History of Middle Earth: The Peoples of Middle Earth
21%
1986 The History of Middle Earth: The Shaping of Middle Earth
21%
1945 The Lay of Aotrou and Itroun
21%
1981 The Letters of J.R.R. Tolkien
21%
2021 The Nature of Middle Earth
21%
2015 The Story of Kullervo
21%
1982 Mr. Bliss
14%
1967 Smith of Wootton Major
14%
2008 Tales From the Perilous Realm
14%
2024 The Collected Poems of J.R.R. Tolkien
14%
2013 The Fall of Arthur
14%
1994 The History of Middle Earth: The War of the Jewels
14%
2016 A Secret Vice
7%
2023 The Battle of Maldon
7%
2009 The Legend of Sigurd and Gudrún
7%
2025 The Bovadium Fragments
0%
No matching quizzes found
Score Distribution
Percent of People with Each Score
Percentile by Number Answered
Your Score History
You have not taken this quiz